000 00309nam a22001217a 4500
040 _cHS
082 _a338
100 _aហ៊ីង សាលីន
245 _aRural finance ហិរញ្ញវត្ថុជនបទ
260 _aRUA
_bហ៊ីង សាលីន
_c2008
300 _aNA
942 _cKB
999 _c10073
_d10073